مفاهيم الموهبة / (رقم التسجيلة. 30922)

تفاصيل مارك
000 -الفاتح
حقل البيانات ثابتة الطول 01171nam a22002537a 4500
003 - محدد رقم الضبط
رقم الضبط OSt
005 - وقت وتاريخ اخر تعامل مع التسجيلة
رقم الضبط 20150408114141.0
008 - عناصر البيانات ثابتة الطول - معلومات عامة
حقل البيانات ثابتة الطول 130925s 2012su ||||g |||| 00| 0 ara d
020 ## - الرقم الدولى المعيارى للكتب
الرقم الدولى المعيارى للكتاب 9786035031981
040 ## - مصدر الفهرسة
وكالة الفهرسة الأصلية Mau
082 ## - رقم تصنيف ديوى العشرى
رقم التصنيف 153.94
رقم المادة س ر م
100 ## - المدخل الرئيسى - إسم شخصى
الإسم الشخصى ستيرنبيرج، روبرت ج.
9 (RLIN) 37324
245 ## - بيان العنوان
العنوان مفاهيم الموهبة /
بيان المسئوليه,etc روبرت ستير نبيرغ، جانيت ديفد سون ؛ ترجمة داود سليمان القرنة، خلود أديب الدبابنة، أسامة محمد البطاينة.
250 ## - بيان الطبعة
بيان الطبعة ط. 1.
260 ## - PUBLICATION, DISTRIBUTION, ETC. (IMPRINT)
مكان الناشر او الموزع الرياض :
اسم الناشر او الموزع مؤسسة الملك عبد العزيز ورجاله للموهبة والإبداع : شركة العبيكان للأبحاث والتطوير،
تاريخ النشر أو التوزيع 2012
300 ## - الوصف المادى
التعداد 532 ص. ؛
أبعاد الوعاء 24 سم.
650 ## - المدخل الاضافى بالموضوع-مصطلح موضوعى
مصطلح موضوعي أو اسم جغرافي كعنصر مدخل الموهبة
التقسيم الفرعي العام جوانب نفسية
9 (RLIN) 37325
650 ## - المدخل الاضافى بالموضوع-مصطلح موضوعى
مصطلح موضوعي أو اسم جغرافي كعنصر مدخل الإبداع
700 ## - المدخل الاضافى - اسم شخصى
الإسم الشخصى دايفيدسون، جانيت إ.
9 (RLIN) 37326
700 ## - المدخل الاضافى - اسم شخصى
الإسم الشخصى القرنة، داود سليمان
الدور مترجم
9 (RLIN) 37247
700 ## - المدخل الاضافى - اسم شخصى
الإسم الشخصى الدبابنة، خلود أديب
الدور مترجم
9 (RLIN) 37327
700 ## - المدخل الاضافى - اسم شخصى
الإسم الشخصى البطاينة، أسامة محمد
الدور مترجم
9 (RLIN) 37328
942 ## - عناصر المدخل الإضافي( كوها)
مصدر التصنيف او مخطط الترفيف Dewey Decimal Classification
Koha [default] item type كتاب
المقتنيات
حالة الفقد نموذج السعر الفعال حالة تلف ليس للاعارة رقم الطلب رقم النسخة تاريخ الاكتساب الموقع الحالي الباركود الفرع الرئيسي Date last seen نوع المادة فى نظام كوها مصدر التصنيف او خطة الترفيف Total Checkouts Date last checked out
  2013-09-25   Not For Loan 153.94 س ر م 1 2013-09-25 المكتبة المركزية بالمجمعة (CL) 00309622 المكتبة المركزية بالمجمعة (CL) 2013-09-25 كتاب Dewey Decimal Classification    
  2013-09-30     153.94 س ر م 2 2013-09-30 المكتبة المركزية بالمجمعة (CL) 00309623 المكتبة المركزية بالمجمعة (CL) 2017-02-22 كتاب Dewey Decimal Classification 1 2016-09-05
  2013-09-30     153.94 س ر م 3 2013-09-30 المكتبة المركزية بالمجمعة (CL) 00309624 المكتبة المركزية بالمجمعة (CL) 2013-09-30 كتاب Dewey Decimal Classification    
  2013-09-30   Not For Loan 153.94 س ر م 1 2013-09-30 قسم الاجراءات الفنية (IC) 00309627 قسم الاجراءات الفنية (IC) 2013-09-30 كتاب Dewey Decimal Classification    
  2013-09-30   Not For Loan 153.94 س ر م 1 2013-09-30 قسم الاجراءات الفنية (IC) 00309632 المكتبة المركزية بالمجمعة (CL) 2013-09-30 كتاب Dewey Decimal Classification    
  2013-09-30     153.94 س ر م 2 2013-09-30 قسم الاجراءات الفنية (IC) 00309633 المكتبة المركزية بالمجمعة (CL) 2013-09-30 كتاب Dewey Decimal Classification    
  2013-09-30   Not For Loan 153.94 س ر م 1 2013-09-30 مكتبة كلية العلوم و الدراسات الإنسانية برماح - طالبات (SRF) 00309628 مكتبة كلية العلوم و الدراسات الإنسانية برماح - طالبات (SRF) 2013-09-30 كتاب Dewey Decimal Classification    
  2013-09-30     153.94 س ر م 2 2013-09-30 مكتبة كلية العلوم و الدراسات الإنسانية برماح - طالبات (SRF) 00309629 مكتبة كلية العلوم و الدراسات الإنسانية برماح - طالبات (SRF) 2013-09-30 كتاب Dewey Decimal Classification    
  2013-09-30   Not For Loan 153.94 س ر م 1 2013-09-30 مكتبة كلية العلوم و الدراسات الإنسانية برماح - طلاب (SRM) 00309630 مكتبة كلية العلوم و الدراسات الإنسانية برماح - طلاب (SRM) 2013-09-30 كتاب Dewey Decimal Classification    
  2013-09-30     153.94 س ر م 2 2013-09-30 مكتبة كلية العلوم و الدراسات الإنسانية برماح - طلاب (SRM) 00309631 مكتبة كلية العلوم و الدراسات الإنسانية برماح - طلاب (SRM) 2013-09-30 كتاب Dewey Decimal Classification    
  2013-09-30   Not For Loan 153.94 س ر م 1 2013-09-30 مكتبة مجمع الكليات بالزلفى - طلاب (SZM) 00309625 مكتبة مجمع الكليات بالزلفى - طلاب (SZM) 2013-09-30 كتاب Dewey Decimal Classification    
  2013-09-30     153.94 س ر م 2 2013-09-30 مكتبة مجمع الكليات بالزلفى - طلاب (SZM) 00309626 مكتبة مجمع الكليات بالزلفى - طلاب (SZM) 2013-09-30 كتاب Dewey Decimal Classification